[Event "Nova Gorica op 23rd"]
[Site "Nova Gorica"]
[Date "2018.02.01"]
[Round "9"]
[White "Gorsic, Jure"]
[Black "Cortese, Lina"]
[Result "1/2-1/2"]
[WhiteElo "1806"]
[BlackElo "1667"]
[PlyCount "99"]
[EventDate "2018.01.26"]
[EventType "swiss"]
[EventRounds "9"]
[EventCountry "SLO"]
[SourceTitle "CBM 182 Extra"]
[Source "ChessBase"]
[SourceDate "2018.02.23"]
[SourceVersion "1"]
[SourceVersionDate "2018.02.23"]
[SourceQuality "1"]

1. d3 e6 2. Nd2 d5 3. Ngf3 f5 4. c4 Nf6 5. b3 Bd6 6. Bb2 0-0 7. Rc1 Qe7 8. g3 c6 9. Ne5 Nbd7 10. Ndf3 Nxe5 11. Nxe5 Nd7 12. Nxd7 Bxd7 13. Bg2 Bb4+ 14. Bc3 d4 15. Bxb4 Qxb4+ 16. Qd2 Qxd2+ 17. Kxd2 e5 18. c5 Be6 19. e3 f4 20. exf4 exf4 21. Rhe1 Rae8 22. Be4 fxg3 23. fxg3 Rf2+ 24. Re2 Ref8 25. Ke1 Rxe2+ 26. Kxe2 Bg4+ 27. Ke1 Bh3 28. Ke2 Be6 29. Rf1 Rxf1 30. Kxf1 g6 31. Kf2 Kg7 32. Kf3 Kf6 33. Kf4 g5+ 34. Kf3 h5 35. h4 Bg4+ 36. Kf2 gxh4 37. gxh4 Ke5 38. Kg3 Be6 39. Bf3 Bf7 40. Bg2 Bg6 41. Bf1 Bf7 42. Bg2 Bg6 43. Bf1 b6 44. cxb6 axb6 45. a3 c5 46. Be2 Bf7 47. b4 cxb4 48. axb4 Bg6 49. Kf3 Bf7 50. Bf1 1/2-1/2

[Event "Nova Gorica op 23rd"]
[Site "Nova Gorica"]
[Date "2018.01.30"]
[Round "7"]
[White "Gorsic, Jure"]
[Black "Kejzar, Petra"]
[Result "0-1"]
[WhiteElo "1806"]
[BlackElo "2039"]
[PlyCount "72"]
[EventDate "2018.01.26"]
[EventType "swiss"]
[EventRounds "9"]
[EventCountry "SLO"]
[SourceTitle "CBM 182 Extra"]
[Source "ChessBase"]
[SourceDate "2018.02.23"]
[SourceVersion "1"]
[SourceVersionDate "2018.02.23"]
[SourceQuality "1"]

1. d4 g6 2. Nf3 Bg7 3. g3 f5 4. Bg2 Nf6 5. 0-0 0-0 6. c4 d6 7. Nc3 c6 8. d5 e5 9. dxe6 Bxe6 10. b3 Na6 11. Bb2 Qe7 12. Ng5 Bd7 13. Qc2 h6 14. Nf3 Rad8 15. Rad1 Nc5 16. Ba3 Kh7 17. Rfe1 Nfe4 18. Nxe4 fxe4 19. Nh4 Bf5 20. Nxf5 gxf5 21. g4 e3 22. gxf5 exf2+ 23. Kxf2 Qh4+ 24. Kg1 Be5 25. h3 Rg8 26. e4 Qxh3 27. Bxc5 Rxg2+ 28. Qxg2 Rg8 29. Re2 Qh2+ 30. Kf1 Rxg2 31. Rxg2 Qh5 32. Rd3 Qh4 33. Bxd6 Bxd6 34. c5 Bxc5 35. Rd7+ Kh8 36. e5 Qh1+ 0-1

[Event "Nova Gorica op 23rd"]
[Site "Nova Gorica"]
[Date "2018.01.29"]
[Round "6"]
[White "Pregarac, Valter"]
[Black "Gorsic, Jure"]
[Result "1-0"]
[WhiteElo "2174"]
[BlackElo "1806"]
[PlyCount "50"]
[EventDate "2018.01.26"]
[EventType "swiss"]
[EventRounds "9"]
[EventCountry "SLO"]
[SourceTitle "CBM 182 Extra"]
[Source "ChessBase"]
[SourceDate "2018.02.23"]
[SourceVersion "1"]
[SourceVersionDate "2018.02.23"]
[SourceQuality "1"]

1. c4 c5 2. Nf3 Nc6 3. d4 cxd4 4. Nxd4 e6 5. g3 Nf6 6. Bg2 a6 7. 0-0 Bc5 8. Nb3 Be7 9. Nc3 0-0 10. Bf4 d6 11. Qd2 e5 12. Bg5 Ne8 13. Bxe7 Nxe7 14. Rfd1 f5 15. c5 Rf6 16. Nd5 Nxd5 17. Qxd5+ Kh8 18. Qxe5 dxe5 19. Rxd8 Rf8 20. c6 e4 21. Nc5 bxc6 22. Nd7 Rg8 23. Nb6 Rb8 24. Nxc8 Nf6 25. Rxg8+ Kxg8 1-0

[Event "Nova Gorica op 23rd"]
[Site "Nova Gorica"]
[Date "2018.01.28"]
[Round "5"]
[White "Srebrnic, Vojko"]
[Black "Gorsic, Jure"]
[Result "1/2-1/2"]
[WhiteElo "2146"]
[BlackElo "1806"]
[PlyCount "70"]
[EventDate "2018.01.26"]
[EventType "swiss"]
[EventRounds "9"]
[EventCountry "SLO"]
[SourceTitle "CBM 182 Extra"]
[Source "ChessBase"]
[SourceDate "2018.02.23"]
[SourceVersion "1"]
[SourceVersionDate "2018.02.23"]
[SourceQuality "1"]

1. Nf3 c5 2. c4 Nc6 3. g3 g6 4. Bg2 Bg7 5. Nc3 d6 6. 0-0 e5 7. d3 Nge7 8. Ne1 0-0 9. Nc2 Be6 10. Ne3 Qd7 11. Ned5 Bh3 12. Bg5 f6 13. Bd2 Bxg2 14. Kxg2 Nxd5 15. Nxd5 Ne7 16. Nxe7+ Qxe7 17. e4 f5 18. f3 Rf7 19. Qe2 f4 20. Bc3 Bh6 21. g4 Bg5 22. b4 b6 23. a4 h5 24. gxh5 gxh5 25. Kh1 Kh7 26. Rg1 Rg7 27. Rg2 Bf6 28. Rag1 Rag8 29. b5 Rxg2 30. Rxg2 Rxg2 31. Qxg2 Qe6 32. a5 Kh6 33. Be1 Bd8 34. a6 Be7 35. Bf2 Bd8 1/2-1/2

[Event "Nova Gorica op 23rd"]
[Site "Nova Gorica"]
[Date "2018.01.27"]
[Round "3"]
[White "Gorsic, Jure"]
[Black "Dobrovoljc, Vid"]
[Result "1/2-1/2"]
[WhiteElo "1806"]
[BlackElo "2286"]
[PlyCount "79"]
[EventDate "2018.01.26"]
[EventType "swiss"]
[EventRounds "9"]
[EventCountry "SLO"]
[SourceTitle "CBM 182 Extra"]
[Source "ChessBase"]
[SourceDate "2018.02.23"]
[SourceVersion "1"]
[SourceVersionDate "2018.02.23"]
[SourceQuality "1"]

1. c4 Nf6 2. Nc3 g6 3. g3 Bg7 4. Bg2 d6 5. d4 0-0 6. Nf3 Nbd7 7. 0-0 e5 8. b3 c6 9. Bb2 Re8 10. dxe5 dxe5 11. e4 Qe7 12. Qe2 Nc5 13. Ba3 Nfd7 14. Ne1 Qf6 15. Rd1 Ne6 16. Nc2 h5 17. h4 a5 18. Rd3 Nd4 19. Qd2 Kh7 20. Nxd4 exd4 21. Ne2 Ne5 22. Rxd4 Nf3+ 23. Bxf3 Qxf3 24. Rd3 Qf6 25. f3 Bh3 26. Rd1 Rad8 27. Nf4 Rxd3 28. Qxd3 Bc8 29. Bd6 Rd8 30. c5 Qb2 31. Rd2 Qc3 32. Kf2 Qa1 33. Kg2 Qc3 34. Qxc3 Bxc3 35. Rd3 Bb4 36. e5 Bf5 37. Rd1 Bxc5 38. Ne2 Be3 39. Nd4 Bc8 40. Rd3 1/2-1/2

[Event "Ljubljana-chT 69th Superliga"]
[Site "Ljubljana"]
[Date "2016.03.10"]
[Round "6.4"]
[White "Gorsic, Jure"]
[Black "Paternoster, Janez"]
[Result "1-0"]
[WhiteElo "1800"]
[BlackElo "1400"]
[PlyCount "71"]
[EventDate "2016.01.14"]
[EventType "team-tourn"]
[EventRounds "9"]
[EventCountry "SLO"]
[SourceTitle "EXT 2022"]
[Source "ChessBase"]
[SourceDate "2021.10.06"]
[SourceVersion "1"]
[SourceVersionDate "2021.10.06"]
[SourceQuality "1"]
[WhiteTeam "Crni Vitezi"]
[BlackTeam "Komenda Pogi"]
[WhiteTeamCountry "SLO"]
[BlackTeamCountry "SLO"]

1. Nf3 c6 2. g3 d5 3. c4 Nf6 4. Bg2 Bf5 5. 0-0 Nbd7 6. d4 e6 7. Bf4 Be7 8. Nc3 0-0 9. Nh4 Bg6 10. Nxg6 hxg6 11. b3 Bb4 12. Rc1 dxc4 13. bxc4 Nb6 14. Qb3 Bxc3 15. Qxc3 Qd7 16. e4 Rfd8 17. Rfd1 Nh5 18. Bg5 Rf8 19. e5 f6 20. Be3 g5 21. Bf3 g6 22. Bxh5 gxh5 23. exf6 g4 24. Qa5 Qh7 25. Qg5+ Kh8 26. Bf4 Rg8 27. Qh4 Rgf8 28. Re1 Nd7 29. Rxe6 Rae8 30. Rce1 Qf7 31. Re7 Qg6 32. Be5 Nxe5 33. R1xe5 Rxe7 34. fxe7 Re8 35. Rxh5+ Kg7 36. Rg5 1-0

[Event "SLO-chT Central 1st League 16th"]
[Site "Slovenia"]
[Date "2015.09.10"]
[Round "1.1"]
[White "Gorsic, Jure"]
[Black "Novakovic, Gosto"]
[Result "0-1"]
[WhiteElo "1820"]
[BlackElo "1771"]
[PlyCount "102"]
[EventDate "2015.09.10"]
[EventType "team-tourn"]
[EventRounds "9"]
[EventCountry "SLO"]
[SourceTitle "EXT 2022"]
[Source "ChessBase"]
[SourceDate "2021.10.06"]
[SourceVersion "1"]
[SourceVersionDate "2021.10.06"]
[SourceQuality "1"]
[WhiteTeam "Klinicni Center II"]
[BlackTeam "Zelenci LPP"]
[WhiteTeamCountry "SLO"]
[BlackTeamCountry "SLO"]

1. c4 e6 2. Nc3 Nf6 3. g3 Be7 4. Bg2 c6 5. Nf3 d5 6. d4 0-0 7. 0-0 Nbd7 8. b3 Bb4 9. Qc2 Re8 10. a3 Bd6 11. Bf4 Bxf4 12. gxf4 h6 13. c5 b6 14. b4 Bb7 15. Kh1 b5 16. Ne5 a6 17. e3 Nf8 18. Rg1 N6d7 19. Bf3 Qf6 20. Ng4 Qh4 21. Rg3 f5 22. Ne5 Nxe5 23. dxe5 Kh7 24. Rag1 g6 25. Ne2 Re7 26. Nd4 Rg7 27. a4 Qe7 28. Be2 Qc7 29. Ra1 Qc8 30. Bd3 Qe8 31. Rag1 Bc8 32. Kg2 Bd7 33. Kf1 Ra7 34. h4 Qd8 35. h5 Qe7 36. hxg6+ Rxg6 37. a5 Rc7 38. Qe2 Qg7 39. Qf3 Be8 40. Nxf5 exf5 41. Bxf5 Kh8 42. Bxg6 Bxg6 43. f5 Rf7 44. f6 Qh7 45. Qg4 Bd3+ 46. Ke1 Bc4 47. f4 Qb1+ 48. Kf2 Qc2+ 49. Ke1 Qc3+ 50. Kf2 Qd2+ 51. Kf3 Qe2# 0-1

[Event "Ljubljana-chT 68th Superliga"]
[Site "Ljubljana"]
[Date "2015.02.12"]
[Round "5.3"]
[White "Gorsic, Jure"]
[Black "Novak, Ksenija"]
[Result "1/2-1/2"]
[WhiteElo "1837"]
[BlackElo "2093"]
[PlyCount "53"]
[EventDate "2015.01.08"]
[EventType "team-tourn"]
[EventRounds "9"]
[EventCountry "SLO"]
[SourceTitle "EXT 2022"]
[Source "ChessBase"]
[SourceDate "2021.10.06"]
[SourceVersion "1"]
[SourceVersionDate "2021.10.06"]
[SourceQuality "1"]
[WhiteTeam "Crni Vitezi"]
[BlackTeam "Mentor"]
[WhiteTeamCountry "SLO"]
[BlackTeamCountry "SLO"]

1. c4 e5 2. Nc3 Nf6 3. g3 c6 4. Nf3 e4 5. Nd4 Bc5 6. Nb3 Bb6 7. c5 Bc7 8. Bg2 d5 9. cxd6 Qxd6 10. Nxe4 Nxe4 11. Bxe4 Bh3 12. Qc2 Na6 13. a3 Bb6 14. d4 Qf6 15. Bf4 Qe7 16. Bxc6+ Kf8 17. Be4 Re8 18. Bf3 g5 19. Be3 Kg7 20. g4 f6 21. Rg1 h5 22. gxh5 Rh6 23. Rg3 Be6 24. h4 Rc8 25. Qd1 Qf7 26. Nd2 Kh8 27. Be4 1/2-1/2

[Event "SLO-chT2 West"]
[Site "Ljubljana"]
[Date "2014.11.09"]
[Round "9.4"]
[White "Gorsic, Jure"]
[Black "Ursic, Mateja"]
[Result "0-1"]
[WhiteElo "1825"]
[BlackElo "2034"]
[PlyCount "30"]
[EventDate "2014.10.17"]
[EventType "team-tourn"]
[EventRounds "9"]
[EventCountry "SLO"]
[SourceTitle "EXT 2019"]
[Source "ChessBase"]
[SourceDate "2018.10.10"]
[SourceVersion "1"]
[SourceVersionDate "2018.10.10"]
[SourceQuality "1"]
[WhiteTeam "Ljubljana KC"]
[BlackTeam "Posocje"]
[WhiteTeamCountry "SLO"]
[BlackTeamCountry "SLO"]

1. c4 e5 2. Nc3 Nf6 3. g3 c6 4. d4 exd4 5. Qxd4 d5 6. cxd5 cxd5 7. Bg5 Be7 8. Bg2 Nc6 9. Qd2 d4 10. Bxf6 Bxf6 11. Ne4 Be7 12. a3 f5 13. Nc5 Bxc5 14. Rc1 Qd6 15. Qc2 Bb6 0-1

[Event "SLO-chT2 West"]
[Site "Ljubljana"]
[Date "2014.10.18"]
[Round "2.4"]
[White "Gorsic, Jure"]
[Black "Troha, Bogomir"]
[Result "1/2-1/2"]
[WhiteElo "1825"]
[BlackElo "1912"]
[PlyCount "75"]
[EventDate "2014.10.17"]
[EventType "team-tourn"]
[EventRounds "9"]
[EventCountry "SLO"]
[SourceTitle "EXT 2019"]
[Source "ChessBase"]
[SourceDate "2018.10.10"]
[SourceVersion "1"]
[SourceVersionDate "2018.10.10"]
[SourceQuality "1"]
[WhiteTeam "Ljubljana KC"]
[BlackTeam "Trzin"]
[WhiteTeamCountry "SLO"]
[BlackTeamCountry "SLO"]

1. Nf3 Nf6 2. g3 g6 3. Bg2 Bg7 4. 0-0 0-0 5. c4 d5 6. cxd5 Nxd5 7. Nc3 Nc6 8. d4 Nxc3 9. bxc3 Rb8 10. Qd3 e5 11. Rd1 Re8 12. e4 Bg4 13. d5 Na5 14. Be3 b6 15. h3 Bxf3 16. Bxf3 Qd6 17. c4 Nb7 18. a4 a5 19. Rdc1 Nc5 20. Qa3 Bf8 21. Bxc5 Qxc5 22. Qxc5 Bxc5 23. Bg4 Rbd8 24. h4 h5 25. Bh3 Rf8 26. Ra2 f5 27. Re1 Bd6 28. f4 exf4 29. e5 Bc5+ 30. Kg2 fxg3 31. Kxg3 Kg7 32. Bg2 Rfe8 33. Rae2 Bb4 34. Rd1 Bc5 35. Kf4 Bb4 36. Bf3 Bc5 37. Rg2 Kh7 38. Re2 1/2-1/2

[Event "Ljubljana-chT 67th"]
[Site "Gostovanja"]
[Date "2014.03.20"]
[Round "8.4"]
[White "Globevnik, Iztok"]
[Black "Gorsic, Jure"]
[Result "0-1"]
[WhiteElo "1801"]
[BlackElo "1807"]
[PlyCount "48"]
[EventDate "2014.01.09"]
[EventType "team-tourn"]
[EventRounds "9"]
[EventCountry "SLO"]
[SourceTitle "EXT 2015"]
[Source "ChessBase"]
[SourceDate "2014.11.20"]
[SourceVersion "1"]
[SourceVersionDate "2014.11.20"]
[SourceQuality "1"]
[WhiteTeam "Tomo Zupan Vzajemna"]
[BlackTeam "Crni Vitezi"]
[WhiteTeamCountry "SLO"]
[BlackTeamCountry "SLO"]

1. e4 e5 2. f4 d5 3. exd5 e4 4. d3 Nf6 5. Nc3 Bb4 6. Bd2 exd3 7. Bxd3 0-0 8. h3 Re8+ 9. Kf1 Bxc3 10. Bxc3 Nxd5 11. Bd2 Nc6 12. Ne2 Qf6 13. g4 h6 14. Qc1 Ne5 15. Be4 Bxg4 16. hxg4 Nxg4 17. Bxd5 Rxe2 18. Kxe2 Re8+ 19. Kf1 Qd4 20. Bxf7+ Kxf7 21. Kg2 Qf2+ 22. Kh3 Qf3+ 23. Kh4 Nf2 24. Qg1 g5+ 0-1

[Event "Ljubljana-chT 67th"]
[Site "Gostovanja"]
[Date "2014.03.06"]
[Round "6.3"]
[White "Lazarevic, Djordje"]
[Black "Gorsic, Jure"]
[Result "1-0"]
[WhiteElo "1814"]
[BlackElo "1807"]
[PlyCount "63"]
[EventDate "2014.01.09"]
[EventType "team-tourn"]
[EventRounds "9"]
[EventCountry "SLO"]
[SourceTitle "EXT 2015"]
[Source "ChessBase"]
[SourceDate "2014.11.20"]
[SourceVersion "1"]
[SourceVersionDate "2014.11.20"]
[SourceQuality "1"]
[WhiteTeam "Zelenci LPP"]
[BlackTeam "Crni Vitezi"]
[WhiteTeamCountry "SLO"]
[BlackTeamCountry "SLO"]

1. e4 e5 2. Nf3 Nf6 3. d4 Nxe4 4. Bd3 d5 5. Nxe5 Nd7 6. 0-0 Bd6 7. f4 0-0 8. c4 c6 9. Qc2 f5 10. Nc3 Ndf6 11. cxd5 cxd5 12. Qb3 Bc7 13. h3 Bb6 14. Be3 Be6 15. Rac1 Nxc3 16. Rxc3 Ne4 17. Bxe4 fxe4 18. g4 h5 19. f5 Qh4 20. Bf2 Qg5 21. fxe6 Rxf2 22. Rxf2 Bxd4 23. Kg2 Bxf2 24. Qxd5 Rd8 25. Qxe4 Qd2 26. Rc2 Qe3 27. Qxe3 Bxe3 28. Re2 Bc5 29. gxh5 Kf8 30. Nd7+ Rxd7 31. exd7 Be7 32. Kf3 1-0

[Event "Ljubljana-chT 65th Superliga"]
[Site "Ljubljana"]
[Date "2012.03.22"]
[Round "9.3"]
[White "Gorsic, Jure"]
[Black "Skok, Joze"]
[Result "0-1"]
[WhiteElo "1856"]
[BlackElo "2019"]
[PlyCount "78"]
[EventDate "2012.01.12"]
[EventType "team-tourn"]
[EventRounds "9"]
[EventCountry "SLO"]
[SourceTitle "EXT 2022"]
[Source "ChessBase"]
[SourceDate "2021.10.06"]
[SourceVersion "1"]
[SourceVersionDate "2021.10.06"]
[SourceQuality "1"]
[WhiteTeam "Klinicni Center II"]
[BlackTeam "Domzale SD"]
[WhiteTeamCountry "SLO"]
[BlackTeamCountry "SLO"]

1. c4 Nf6 2. Nc3 d5 3. cxd5 Nxd5 4. g3 g6 5. Bg2 Nxc3 6. bxc3 Bg7 7. Rb1 Nd7 8. Ba3 0-0 9. Nf3 c5 10. Qb3 Qc7 11. d4 Rb8 12. 0-0 b6 13. e4 Ba6 14. Rfd1 Rfc8 15. Ng5 e6 16. d5 exd5 17. Qxd5 Nf8 18. Qb3 h6 19. Nh3 Ne6 20. Qa4 Be2 21. Rd7 b5 22. Qxa7 Qxa7 23. Rxa7 Bxc3 24. Bf1 Bxf1 25. Kxf1 Ra8 26. Rxa8 Rxa8 27. Bc1 Rxa2 28. Bxh6 b4 29. Nf4 Nxf4 30. Bxf4 Bd4 31. h4 Rxf2+ 32. Ke1 Rh2 33. Kd1 Bc3 34. Rc1 c4 35. Rc2 Rh1+ 36. Ke2 b3 37. Rxc3 b2 38. Rxc4 b1Q 39. Rc8+ Kh7 0-1

[Event "Ljubljana-chT 64th Superliga"]
[Site "Ljubljana"]
[Date "2011.02.10"]
[Round "4.3"]
[White "Skok, Boris"]
[Black "Gorsic, Jure"]
[Result "1-0"]
[WhiteElo "2107"]
[BlackElo "1841"]
[PlyCount "37"]
[EventDate "2011.01.13"]
[EventType "team-tourn"]
[EventRounds "9"]
[EventCountry "SLO"]
[SourceTitle "EXT 2022"]
[Source "ChessBase"]
[SourceDate "2021.10.06"]
[SourceVersion "1"]
[SourceVersionDate "2021.10.06"]
[SourceQuality "1"]
[WhiteTeam "Komenda Popotnik"]
[BlackTeam "Klinicni Center II"]
[WhiteTeamCountry "SLO"]
[BlackTeamCountry "SLO"]

1. d4 d5 2. c4 Nc6 3. Nc3 dxc4 4. d5 Na5 5. e4 c6 6. Nf3 e6 7. Bf4 exd5 8. exd5 Bb4 9. Qa4 Bxc3+ 10. bxc3 Qxd5 11. Bc7 b6 12. Rd1 Qe4+ 13. Be2 Be6 14. 0-0 Bd5 15. Rfe1 Ne7 16. Bf1 Qg6 17. Rxd5 b5 18. Rxe7+ Kxe7 19. Qb4+ 1-0

[Event "Bled op-B 25th"]
[Site "Bled"]
[Date "2008.02.23"]
[Round "1"]
[White "Gorsic, Jure"]
[Black "Bogachov, Oleksiy"]
[Result "0-1"]
[WhiteElo "1849"]
[BlackElo "2100"]
[PlyCount "27"]
[EventDate "2008.02.23"]
[EventType "swiss"]
[EventRounds "9"]
[EventCountry "SLO"]
[SourceTitle "CBM 122 Extra"]
[Source "ChessBase"]
[SourceDate "2008.03.04"]
[SourceVersion "1"]
[SourceVersionDate "2008.03.04"]
[SourceQuality "1"]

1. c4 Nf6 2. Nc3 e6 3. g3 d5 4. d4 Bb4 5. Bg2 c6 6. Nf3 dxc4 7. Ne5 Nd5 8. Qc2 Nxc3 9. bxc3 Qxd4 10. Bb2 Ba5 11. Nf3 Qf6 12. e4 Nd7 13. Nd4 Qxd4 14. 0-0 0-1

[Event "SLO-chT2 West"]
[Site "Kranj"]
[Date "2005.10.16"]
[Round "5.4"]
[White "Budkovic, Tine"]
[Black "Gorsic, Jure"]
[Result "1-0"]
[WhiteElo "2118"]
[BlackElo "1877"]
[PlyCount "75"]
[EventDate "2005.10.14"]
[EventType "team"]
[EventRounds "5"]
[EventCountry "SLO"]
[SourceTitle "EXT 2009"]
[Source "ChessBase"]
[SourceDate "2008.11.26"]
[SourceVersion "1"]
[SourceVersionDate "2008.11.26"]
[SourceQuality "1"]

1. e4 e5 2. Nf3 Nf6 3. Nc3 Nc6 4. Bb5 Nd4 5. Bc4 b5 6. Nxb5 Nxb5 7. Bxb5 Nxe4 8. Qe2 Nd6 9. Qxe5+ Qe7 10. Qxe7+ Bxe7 11. Bd3 Bb7 12. Be2 0-0 13. 0-0 Bf6 14. h3 Rfe8 15. Bd1 Rab8 16. Rb1 Bd5 17. b3 Re6 18. a4 Re4 19. a5 Ra4 20. Bb2 Bxb2 21. bxa4 Ba2 22. Be2 Bxb1 23. Rxb1 Re8 24. Rxb2 Rxe2 25. Nd4 Re1+ 26. Kh2 c6 27. Nf5 Ne8 28. Rb8 g6 29. Nd6 Kf8 30. Rd8 Re7 31. Nxe8 Rxe8 32. Rxd7 Re5 33. Rxa7 Rd5 34. Rc7 Rxd2 35. Rxc6 Rd4 36. c4 Ke8 37. Rc7 h5 38. a6 1-0

[Event "SLO-chT U20"]
[Site "Sentjur"]
[Date "2005.08.26"]
[Round "8"]
[White "Gorsic, Jure"]
[Black "Robba, Jurij"]
[Result "1-0"]
[WhiteElo "1903"]
[BlackElo "1500"]
[PlyCount "61"]
[EventDate "2005.08.21"]
[EventType "team"]
[EventRounds "9"]
[EventCountry "SLO"]
[SourceTitle "EXT 2008"]
[Source "ChessBase"]
[SourceDate "2007.11.25"]
[SourceVersion "1"]
[SourceVersionDate "2007.11.25"]
[SourceQuality "1"]

1. c4 e5 2. Nc3 Nf6 3. g3 Bc5 4. Bg2 d6 5. Nf3 Bf5 6. d3 e4 7. Nh4 Be6 8. Nxe4 Nxe4 9. Bxe4 d5 10. cxd5 Bxd5 11. Bxd5 Qxd5 12. 0-0 Nc6 13. Nf3 0-0-0 14. a3 a5 15. Bd2 b6 16. Rb1 Qd6 17. Ng5 Qf8 18. Ne4 Be7 19. Be3 f5 20. Qc2 Nd4 21. Bxd4 Rxd4 22. Rfc1 Rd7 23. Qc6 Kb8 24. Qxd7 Bd8 25. Nd2 h5 26. Nf3 f4 27. b4 axb4 28. Rxb4 Rh6 29. Rc6 Rd6 30. Rxd6 cxd6 31. Nd4 1-0

[Event "SLO-chT U20"]
[Site "Sentjur"]
[Date "2005.08.23"]
[Round "4"]
[White "Gorsic, Jure"]
[Black "Pavsic, Andrej"]
[Result "1-0"]
[WhiteElo "1903"]
[BlackElo "1554"]
[PlyCount "103"]
[EventDate "2005.08.21"]
[EventType "team"]
[EventRounds "9"]
[EventCountry "SLO"]
[SourceTitle "EXT 2008"]
[Source "ChessBase"]
[SourceDate "2007.11.25"]
[SourceVersion "1"]
[SourceVersionDate "2007.11.25"]
[SourceQuality "1"]

1. c4 e5 2. Nc3 Nf6 3. Nf3 Nc6 4. g3 d5 5. cxd5 Nxd5 6. Bg2 Be7 7. 0-0 0-0 8. Nxd5 Qxd5 9. d3 Qd6 10. Be3 Be6 11. a3 a5 12. Nd2 f5 13. Rc1 Bd5 14. Bc5 Qd7 15. Bxd5+ Qxd5 16. Bxe7 Nxe7 17. Rxc7 Ng6 18. Qb3 Qxb3 19. Nxb3 b6 20. Rfc1 f4 21. Rb7 Rab8 22. Rcc7 Rxb7 23. Rxb7 Rf6 24. Nd2 fxg3 25. hxg3 Rc6 26. Nc4 Kf8 27. Rxb6 Rxb6 28. Nxb6 Ne7 29. Kg2 Kf7 30. Kf3 Kf6 31. Ke4 Ke6 32. b4 axb4 33. axb4 Nc6 34. Nc4 Nxb4 35. Nxe5 Na2 36. d4 Nc3+ 37. Kd3 Nd5 38. e4 Nf6 39. f4 g6 40. d5+ Nxd5 41. exd5+ Kxd5 42. Nf7 Ke6 43. Ng5+ Kf5 44. Nxh7 Kg4 45. Nf8 g5 46. fxg5 Kxg5 47. Ke3 Kg4 48. Kf2 Kg5 49. Kf3 Kf5 50. g4+ Kg5 51. Nd7 Kg6 52. Kf4 1-0

[Event "Kranj op 2nd"]
[Site "Kranj"]
[Date "2005.07.04"]
[Round "8"]
[White "Milijasevic, Branko"]
[Black "Gorsic, Jure"]
[Result "0-1"]
[WhiteElo "2000"]
[BlackElo "1604"]
[PlyCount "114"]
[EventDate "2005.06.??"]
[EventType "swiss"]
[EventRounds "9"]
[EventCountry "SLO"]
[SourceTitle "EXT 2006"]
[Source "ChessBase"]
[SourceDate "2005.11.24"]
[SourceVersion "1"]
[SourceVersionDate "2005.11.24"]
[SourceQuality "1"]

1. d4 d5 2. c4 Nc6 3. Nc3 dxc4 4. e4 Qxd4 5. Qxd4 Nxd4 6. Nd5 Kd8 7. Kd1 c6 8. Nc3 e5 9. Bxc4 Be6 10. Bxe6 Nxe6 11. Nf3 f6 12. Be3 Kc7 13. Kc2 Bc5 14. Rhe1 Ne7 15. Na4 Bxe3 16. Rxe3 Rhd8 17. Rd3 Rxd3 18. Kxd3 Rd8+ 19. Ke3 Nf4 20. Ne1 Nc8 21. Nc5 Rd6 22. g3 Ne6 23. Ned3 Nxc5 24. Nxc5 b6 25. Nd3 Rd4 26. g4 Nd6 27. f3 Nc4+ 28. Ke2 Kd6 29. h4 h6 30. Rg1 Ke6 31. g5 hxg5 32. hxg5 Rd7 33. gxf6 gxf6 34. Rg6 Rh7 35. b3 Rh2+ 36. Nf2 Kf7 37. Rg1 Nd6 38. Ke3 Nb5 39. f4 exf4+ 40. Ke2 Nd4+ 41. Kf1 a5 42. Rg4 f3 43. Rf4 Ke6 44. Ng4 Rxa2 45. Rxf6+ Ke7 46. b4 axb4 47. e5 Re2 48. Rd6 c5 49. Rxb6 b3 50. Rb7+ Ke6 51. Rb6+ Kf5 52. Nf2 c4 53. Rf6+ Kxe5 54. Ng4+ Ke4 55. Nf2+ Ke3 56. Ng4+ Kd2 57. Kg1 Rg2+ 0-1

[Event "Kranj op 2nd"]
[Site "Kranj"]
[Date "2005.06.28"]
[Round "1"]
[White "Jeraj, Zlatko"]
[Black "Gorsic, Jure"]
[Result "1-0"]
[WhiteElo "2117"]
[BlackElo "1604"]
[PlyCount "83"]
[EventDate "2005.06.??"]
[EventType "swiss"]
[EventRounds "9"]
[EventCountry "SLO"]
[SourceTitle "EXT 2006"]
[Source "ChessBase"]
[SourceDate "2005.11.24"]
[SourceVersion "1"]
[SourceVersionDate "2005.11.24"]
[SourceQuality "1"]

1. e4 e5 2. Nf3 Nf6 3. Nc3 Nc6 4. Be2 Bb4 5. d3 h6 6. a3 Ba5 7. b4 Bb6 8. Na4 d6 9. Nxb6 axb6 10. Bb2 0-0 11. 0-0 Nh7 12. b5 Ne7 13. d4 exd4 14. Qxd4 Nf6 15. Rad1 Bg4 16. Qe3 Nd7 17. Qc3 f6 18. Nd4 Bxe2 19. Nxe2 Nc5 20. Qe3 Ra4 21. f3 Qe8 22. Nc3 Ra5 23. Bc1 Qf7 24. Rd4 Rfa8 25. Rb4 Na4 26. Ne2 Nc5 27. Qc3 Ra4 28. Nf4 Ng6 29. Nd5 Ne5 30. Re1 h5 31. h3 Qd7 32. f4 Nf7 33. Qf3 Re8 34. Rxa4 Nxa4 35. Qxh5 c6 36. bxc6 bxc6 37. Nb4 d5 38. e5 Qe7 39. e6 Nd8 40. f5 Qc5+ 41. Be3 Qc3 42. Qxe8+ 1-0

[Event "Portoroz op"]
[Site "Portoroz"]
[Date "2003.05.03"]
[Round "9"]
[White "Gorsic, Jure"]
[Black "Stanic, Uros"]
[Result "0-1"]
[WhiteElo "1569"]
[BlackElo "1500"]
[PlyCount "66"]
[EventDate "2003.04.??"]
[EventType "swiss"]
[EventRounds "9"]
[EventCountry "SLO"]
[SourceTitle "EXT 2005"]
[Source "ChessBase"]
[SourceDate "2004.11.15"]
[SourceVersion "1"]
[SourceVersionDate "2004.11.15"]
[SourceQuality "1"]

1. c4 e5 2. g3 Nf6 3. Bg2 g6 4. Nc3 Bg7 5. e3 0-0 6. Nge2 Nc6 7. 0-0 b6 8. d4 exd4 9. Nxd4 Bb7 10. b3 Na5 11. Bb2 Bxg2 12. Kxg2 Nb7 13. Qc2 Nc5 14. Rad1 Re8 15. b4 Nce4 16. Rd3 Qc8 17. Rfd1 Ng4 18. Nxe4 Rxe4 19. f3 Nxe3+ 20. Rxe3 Rxe3 21. Bc1 Re8 22. Nb3 d6 23. Nd2 Re6 24. Ne4 Qe8 25. Qd3 h6 26. h4 Qa4 27. a3 Qe8 28. Rh1 f5 29. Nf2 Qf7 30. g4 Rae8 31. Rh3 c5 32. gxf5 Qxf5 33. Qd2 Re2 0-1

[Event "Portoroz op"]
[Site "Portoroz"]
[Date "2003.04.27"]
[Round "3"]
[White "Milic, Damjan"]
[Black "Gorsic, Jure"]
[Result "0-1"]
[WhiteElo "1500"]
[BlackElo "1569"]
[PlyCount "56"]
[EventDate "2003.04.??"]
[EventType "swiss"]
[EventRounds "9"]
[EventCountry "SLO"]
[SourceTitle "EXT 2005"]
[Source "ChessBase"]
[SourceDate "2004.11.15"]
[SourceVersion "1"]
[SourceVersionDate "2004.11.15"]
[SourceQuality "1"]

1. d4 d5 2. c4 Nc6 3. e3 e5 4. a3 dxc4 5. Bxc4 exd4 6. h3 dxe3 7. Qxd8+ Nxd8 8. Bxe3 Be6 9. Nd2 Nf6 10. Ngf3 Bd6 11. 0-0 0-0 12. Bg5 Nd5 13. Bxd8 Raxd8 14. Rfe1 Rfe8 15. Ba2 Nf4 16. Bxe6 Rxe6 17. Re4 Rde8 18. Ng5 Rxe4 19. Ngxe4 Be5 20. Nc4 Bxb2 21. Nxb2 Rxe4 22. Rd1 Kf8 23. Nd3 Nxd3 24. Rxd3 Ke7 25. Rb3 b6 26. Kh2 Re2 27. f3 c5 28. Rc3 Kd6 0-1